000 00714nam a2200181Ia 4500
008 151202s9999||||xx |||||||||||||| ||und||
082 _bPNVM-61273
100 _aचेस जेम्स हॅडली अनु.गुजर अनिल.
245 _aअवलक्षणी बेत.
260 _bस्वप्न प्रकाशन पुणे.
260 _c61273
300 _a192
600 _aचेस जेम्स हॅडली अनु.गुजर अनिल.
630 _aअवलक्षणी बेत.
700 _aचेस जेम्स हॅडली अनु.गुजर अनिल.
730 _aअवलक्षणी बेत.
942 _cBOOK
999 _c1327807
_d1327804